Obálka Náhled e-knihy:
PDF Epub
Pro půjčování e-knih musíte být přihlášeni.
Jak si půjčit online?

Crossfire. (1), Obnažená /

Erotický román z prostředí americké manhattanské smetánky.

Uloženo v:
Série:Crossfire, část 1
Hlavní autor: Day, Sylvia, 1973- (Autor)
Další autoři: Pacnerová, Jana, 1955- (Autor)
Médium: E-kniha
Jazyk:Czech
Vydáno: Praha : Baronet, 2023
Vydání:2. vydání
Témata:
Příbuzné jednotky:Z cyklu:: Crossfire
Tagy:
Žádné tagy
LEADER 02700nam a2200469 i 4500
001 312194
003 CZ PrSKC
005 20260601215718.0
007 ta
008 231201s2023 xr e 000 f cze
015 |a cnb003576676 
020 |a 9788026921806  |q (vázáno) 
035 |a (OCoLC)1420608479 
040 |a ABG001  |b cze  |e rda 
041 1 |a cze  |h eng 
072 7 |a 821.111(73)-3  |x Americká próza  |2 Konspekt 
080 |a 821.111(73)-31  |2 MRF 
080 |a (0:82-993)  |2 MRF 
100 1 |a Day, Sylvia,  |d 1973-  |7 mzk2009534975  |4 aut 
240 1 0 |a Bared to you.  |l Česky 
245 1 0 |a Crossfire.  |n (1),  |p Obnažená /  |c Sylvia Day ; z anglického originálu Bared to you ... přeložila Jana Pacnerová 
246 3 0 |a Obnažená 
250 |a 2. vydání 
264 1 |a Praha :  |b Baronet,  |c 2023 
300 |a 381 stran ;  |c 21 cm 
336 |a text  |b txt  |2 rdacontent 
337 |a bez média  |b n  |2 rdamedia 
338 |a svazek  |b nc  |2 rdacarrier 
520 2 |a Erotický román z prostředí americké manhattanské smetánky.  |b Mladá krásná Eva se přistěhuje na Manhattan, získá práci v reklamní agentuře a hned první den na svém novém pracovišti potkává muže, který ji na první pohled naprosto uchvátí a okouzlí. Na míru šitý oblek, kravata dokonale ladící se zářivými duhovkami, "sexy délka vlasů jako úžasný doplněk sexy chlapství úspěšného podnikatele" - je se co divit, že se s ním chce Eva okamžitě pomilovat? A když se Eva dozví, že je to majitel společnosti, ve které Eva pracuje, její nadšení dosáhne vrcholu. Avšak potom se ukáže, že její "pan úžasný" je poněkud arogantní a že není jediná žena, která v jeho životě hraje nějakou roli. Ale není pravým důvodem jeho chladné odtažitosti vlastně jeho citlivá, bolavá duše, těžce poraněná v útlém mládí? 
546 |a Český text 
655 7 |a americké romány  |7 fd131796  |2 czenas 
655 7 |a erotické romány  |7 fd132211  |2 czenas 
655 9 |a American fiction  |2 eczenas 
655 9 |a erotic novels  |2 eczenas 
700 1 |a Pacnerová, Jana,  |d 1955-  |7 jn20000810168  |4 trl 
787 0 8 |i Z cyklu:  |t Crossfire  |g 1 
900 |a ABA001  |b 21 
928 9 |a Albatros Media - Baronet 
044 |a xr 
910 |a RBIT002 
998 |d 391774  |a https://core.palmknihy.cz/api/books/391774/cover?shb806  |b https://core.palmknihy.cz/api/books/391774/cover/400?shb806  |c https://core.palmknihy.cz/api/books/391774/cover/50?shb806  |e 2030-08-08  |g 344  |i 9788026921806  |j https://core.palmknihy.cz/api/books/391774/preview.epub  |k https://core.palmknihy.cz/api/books/391774/preview.pdf  |l   |q 49  |r 1  |s https://www.palmknihy.cz/kniha/391774  |t ebook  |y 2023  |z 0  |v Crossfire  |w 1 
999 |d 312192